| 000 | 00594nam a22002177a 4500 | ||
|---|---|---|---|
| 999 |
_c3496 _d3496 |
||
| 001 | 1520505 | ||
| 003 | OSt | ||
| 005 | 20181113180325.0 | ||
| 008 | 890620s1988 oku 000 0 eng | ||
| 010 | _a 89827124 | ||
| 020 | _a0881441295 | ||
| 040 |
_aDLC _cDLC _dDLC |
||
| 050 | 0 | 0 | _aMLCS 89/15546 (B) |
| 082 |
_a242 _bH121G |
||
| 100 | 1 | _aHackett, Tim. | |
| 245 | 1 | 0 |
_aGrace and law : _blife and death / _cby Tim Hackett. |
| 260 |
_aTulsa, Okla. : _bChristian Pub. Services, _cc1988. |
||
| 300 |
_a126 p. ; _c22 cm. |
||
| 906 |
_a7 _bcbc _corignew _du _encip _f19 _gy-gencatlg |
||
| 942 |
_2ddc _cBK |
||